000 00416nam a2200145Ia 4500
008 210210b1980 xxu||||| |||| 00| 0 eng d
082 _a377.1 MORY
100 _aMORISSETTE (Herve).
245 _aYouth aware: fifteen themes for youth catechesis on social problem.
260 _aBangalore.
_bThe Holy Cross Fathers.,
_c1980
300 _a263
650 _aValue Education
690 _aEducation
906 _a037849
999 _c88233
_d88233